000 00607nam a2200193 a 4500
008 120416s1991 ||||||||||||||||| || u
020 _a0631167897
050 _aHD 58 Cha
100 _aChapman, Keith
245 1 0 _aIndustrial location
246 _aprinciples and policies
250 _a2nd.ed
260 _aOxford
_bBlackwell
_c1991
300 _ax, 322p. : ill
350 _a0.00
650 0 _aINDUSTRIAL MANAGEMENT
650 _aINDUSTRY
995 _D0.00
_FCBU-MAIN LIBRARY (Kitwe)
_H1
_I19.95
_M1
_UAVAILABLE
_ZMain Library Open Access Collection
999 _c46729
_d46729